000 01274namaa22003131i 4500
005 20260514113255.0
008 260514s1995 ua a|||frm||| 000 0 eng d
040 _aEG-GICUC
_beng
_cEG-GICUC
_dEG-GICUC
_erda
041 0 _aeng
_beng
_bara
049 _aDeposit
097 _aPh.D
099 _aCai01.12.15.1995.Am.G
100 0 _aAmay Gamal Taher Ali,
_epreparation.
245 1 0 _aGeological and geomicrobiological studies on some selected salinas along the mediterranean coast /
_cBy Amay Gamal Taher Ali ; Supervised Prof. Dr. M. El Sharkawy, Prof. Dr. Wolfgang E. Krumbein,Prof. Dr. George Philip
264 0 _c1995.
300 _a152 Leaves
_billustrations
_c30 cm. +
336 _2rda content
_atext
337 _2rdamedia
_aUnmediated
338 _2rdacarrier
_avolume
502 _aThesis (Ph.D)-Cairo University, 1995.
504 _aBibliography: pages 128-152
653 0 _aselected salinas along the mediterranean coast
700 0 _aM. El Sharkawy
_ethesis advisor.
700 0 _aWolfgang E. Krumbein
_ethesis advisor.
700 0 _aGeorge Philip
_ethesis advisor.
900 _DDepartment of Geology
_FFaculty of Science
_UCairo University
_b1995
_cM. El Sharkawy
_cWolfgang E. Krumbein
_cGeorge Philip
905 _aNehad
942 _2ddc
_cTH
_e21
_n0
999 _c180144